[Event "AUTO-OPEN-852"]
[Site "http://www.queenalice.com/game.php?id=280673"]
[Date "2007.10.3"]
[Round "1"]
[White "technicaldraw"]
[Black "marecup"]
[Result "1-0"]
[WhiteElo "1940"]
[BlackElo "1436"]

1. e4 e5 2. Nf3 Nc6 3. Bb5 d6 4. O-O Nf6 5. d4 a6 6. Bxc6+ bxc6 7. dxe5 dxe5 8.
Qxd8+ Kxd8 9. Nxe5 Nxe4 10. Nxf7+ Ke7 11. Nxh8 g5 12. Re1 Bf5 13. f3 Bg7 14.
fxe4 Be6 15. Bxg5+ Bf6 16. Bxf6+ Kxf6 17. Nc3 Rxh8 18. Rf1+ Ke5 19. Rf2 h5 20.
Raf1 h4 21. Na4 h3 22. g3 Bc4 23. Rf5+ Kxe4 24. R1f4+ Ke3 25. Rxc4 Rd8 26. Re5+
Kd2 27. Rc3 Rd5 28. Rxd5+ cxd5 29. Kf2 Kc1 30. g4 Kb1 31. g5 Kxa2 32. g6 c5 33.
g7 d4 34. Rxc5 Kb1 35. g8=Q d3 36. cxd3 a5 37. Qb3 1-0

[Event "Challenge"]
[Site "http://www.queenalice.com/game.php?id=282792"]
[Date "2007.10.8"]
[Round "-"]
[White "ROLAND"]
[Black "marecup"]
[Result "0-1"]
[WhiteElo "1429"]
[BlackElo "1440"]

1. e4 e5 2. Nc3 Bb4 3. Bc4 Nc6 4. a3 Bxc3 5. bxc3 Nf6 6. Qf3 O-O 7. d3 d6 8. Bg5
Bg4 9. Qg3 Be6 10. Bxe6 fxe6 11. Rb1 h6 12. Bxh6 Rf7 13. Bg5 d5 14. Rd1 d4 15.
c4 Qd6 16. Bc1 Nh5 17. Qg5 Nf4 18. Bd2 Qxa3 19. Qg4 Nb4 20. Rc1 Nfxd3+ 21. cxd3
Nxd3+ 22. Kd1 Nxf2+ 23. Ke1 Nxg4 24. h3 Ne3 25. Rh2 Nf1 26. Rh1 Qg3+ 27. Kd1
Qxg2 28. Ne2 Qxh1 29. Kc2 Qxe4+ 30. Kd1 Rf2 31. Ke1 Qxe2# 0-1

[Event "Challenge"]
[Site "http://www.queenalice.com/game.php?id=287980"]
[Date "2007.10.17"]
[Round "-"]
[White "erikmartinelli"]
[Black "marecup"]
[Result "1-0"]
[WhiteElo "1441"]
[BlackElo "1406"]

1. e4 e5 2. c3 Nf6 3. Bc4 Nxe4 4. Qf3 Nd6 5. Bb3 Nc6 6. Nh3 Be7 7. d3 b6 8. Ng5
Bxg5 9. Bxg5 f6 10. Bh4 Bb7 11. O-O Na5 12. Qh5+ g6 13. Qh6 Ba6 14. Qg7 Bxd3 15.
Bxf6 Qxf6 16. Qxf6 Bxf1 17. Qxh8+ Ke7 18. Qxa8 Bd3 19. Nd2 Nxb3 20. Nxb3 Ne4 21.
f3 Nc5 22. Nxc5 bxc5 23. Re1 d6 24. Qxa7 Kd7 25. a4 Kc6 26. b4 cxb4 27. cxb4 g5
28. b5+ Kd5 29. Rd1 Kc4 30. Qxc7+ 1-0

[Event "AUTO-INT-680"]
[Site "http://www.queenalice.com/game.php?id=301554"]
[Date "2007.11.10"]
[Round "1"]
[White "fagner"]
[Black "marecup"]
[Result "1-0"]
[WhiteElo "1813"]
[BlackElo "1391"]

1. d4 d5 2. c4 dxc4 3. Nc3 e5 4. Nf3 f6 5. e4 Bb4 6. Bxc4 Ne7 7. O-O Bg4 8. Qd3
Nbc6 9. a3 Bxc3 10. bxc3 exd4 11. cxd4 Bxf3 12. gxf3 Nxd4 13. Rd1 Ndc6 14. Bf4
Qxd3 15. Rxd3 f5 16. Bxc7 fxe4 17. fxe4 Ne5 18. Bxe5 Rc8 19. Bxg7 Rf8 20. Be6
Rc2 21. Bxf8 Kxf8 22. Rd8+ Kg7 23. Re8 Kf6 24. Bb3 Rc3 25. Ba2 Rxa3 26. Rf8+ Kg7
27. Rf7+ 1-0

[Event "AUTO-INT-680"]
[Site "http://www.queenalice.com/game.php?id=301555"]
[Date "2007.11.10"]
[Round "1"]
[White "marecup"]
[Black "fagner"]
[Result "0-1"]
[WhiteElo "1389"]
[BlackElo "1815"]

1. d4 Nf6 2. Bg5 e6 3. e3 d5 4. Nc3 Bb4 5. Bb5+ Bd7 6. Bxd7+ Nbxd7 7. a3 Bxc3+
8. bxc3 O-O 9. Rb1 Rb8 10. Nf3 h6 11. Bxf6 Nxf6 12. O-O Ne4 13. Qd3 b6 14. c4 c5
15. dxc5 Nxc5 16. Qd4 dxc4 17. Qxc4 Qe7 18. Ne5 Rbc8 19. Rfd1 Qf6 20. Nc6 Rxc6
21. Qa6 Ne4 22. f3 Nc3 23. Qb7 Rfc8 24. Qxa7 Nxd1 25. Rxd1 Qb2 26. h3 Qxc2 0-1

[Event "AUTO-INT-680"]
[Site "http://www.queenalice.com/game.php?id=301572"]
[Date "2007.11.10"]
[Round "1"]
[White "Herivelto"]
[Black "marecup"]
[Result "1-0"]
[WhiteElo "1714"]
[BlackElo "1410"]

1. Nf3 Nf6 2. c4 Nc6 3. g3 e5 4. Bg2 e4 5. Ng5 Bc5 6. Nxe4 Nxe4 7. Bxe4 O-O 8.
e3 Re8 9. Nc3 d6 10. O-O Ne5 11. a3 Bh3 12. Bg2 Bxg2 13. Kxg2 Nd3 14. Qe2 Nxc1
15. Raxc1 d5 16. Nxd5 c6 17. Nf4 Qd6 18. d4 Bxd4 19. Qd2 Be5 20. Qxd6 Bxd6 21.
Rfd1 Bxf4 22. exf4 f6 23. Rd7 b5 24. cxb5 cxb5 25. Rcc7 Kf8 26. Rf7+ Kg8 27.
Rxg7+ 1-0

[Event "AUTO-INT-680"]
[Site "http://www.queenalice.com/game.php?id=301573"]
[Date "2007.11.10"]
[Round "1"]
[White "marecup"]
[Black "Herivelto"]
[Result "0-1"]
[WhiteElo "1366"]
[BlackElo "1797"]

1. e4 c5 2. Nc3 d6 3. Bb5+ Bd7 4. d3 Bxb5 5. Nxb5 Qa5+ 6. Qd2 Qxb5 7. Nf3 g6 8.
O-O Bg7 9. Re1 Nd7 10. c4 Qc6 11. Ng5 Ngf6 12. d4 cxd4 13. Qxd4 O-O 14. b3 Ng4
15. Qd5 Bxa1 16. Qxc6 bxc6 17. h3 Nge5 18. Bf4 Bc3 19. Rc1 Bb2 20. Rc2 Nd3 21.
e5 Bxe5 22. Bxe5 N7xe5 23. c5 Nxc5 24. b4 Ncd3 25. g3 Nxb4 26. Rb2 c5 27. f4
Ned3 28. Re2 a5 29. Rxe7 Nxa2 30. Ne4 Rfd8 31. h4 c4 32. g4 c3 0-1

[Event "AUTO-OPEN-897"]
[Site "http://www.queenalice.com/game.php?id=301624"]
[Date "2007.11.10"]
[Round "1"]
[White "Gil"]
[Black "marecup"]
[Result "1-0"]
[WhiteElo "2185"]
[BlackElo "1435"]

1. d4 d5 2. Nf3 Bg4 3. e3 e6 4. h3 Bxf3 5. Qxf3 Nf6 6. c4 Nc6 7. Nc3 Bb4 8. Bd2
e5 9. cxd5 Bxc3 10. Bxc3 Nxd5 11. Bc4 Nxc3 12. bxc3 Qd7 13. O-O O-O-O 14. Rab1
b6 15. Bb5 exd4 16. Bxc6 Qe7 17. cxd4 Rd6 18. Ba8 c6 19. Bxc6 Qc7 20. Rbc1 Rhd8
21. Ba8 Rf6 22. Qb7+ Kd7 23. Qxc7+ Ke8 24. Bc6+ 1-0

[Event "AUTO-OPEN-897"]
[Site "http://www.queenalice.com/game.php?id=301625"]
[Date "2007.11.10"]
[Round "1"]
[White "marecup"]
[Black "Gil"]
[Result "0-1"]
[WhiteElo "1433"]
[BlackElo "2201"]

1. d4 d5 2. Nc3 e6 3. Nf3 Nf6 4. Bg5 h6 5. Bxf6 Qxf6 6. e3 Nc6 7. Bd3 Nb4 8. Nb5
Qd8 9. Ne5 a6 10. c3 Nxd3+ 11. Qxd3 axb5 12. O-O c6 13. a3 Bd6 14. Rae1 Qc7 15.
e4 Bxe5 16. dxe5 Qxe5 17. exd5 Qxd5 18. Qf3 Qxf3 19. gxf3 Ke7 20. f4 Ra4 21. f5
Rg4+ 22. Kh1 Rd8 23. f3 Rg5 24. fxe6 Bxe6 25. f4 Rf5 0-1

[Event "AUTO-OPEN-897"]
[Site "http://www.queenalice.com/game.php?id=301652"]
[Date "2007.11.10"]
[Round "1"]
[White "Herivelto"]
[Black "marecup"]
[Result "1-0"]
[WhiteElo "1680"]
[BlackElo "1431"]

1. Nf3 Nc6 2. c4 Nf6 3. g3 e5 4. d3 Bb4+ 5. Nbd2 d5 6. cxd5 Nxd5 7. a3 Bxd2+ 8.
Qxd2 O-O 9. Bg2 Nd4 10. Qd1 Bg4 11. Nxd4 exd4 12. O-O Re8 13. Qa4 Bxe2 14. Re1
Nb6 15. Qc2 Bg4 16. Rxe8+ Qxe8 17. Bf4 Qe2 18. Qxc7 Qxb2 19. Re1 h6 20. Qxb7 Rc8
21. Bd5 Be6 22. Bxe6 fxe6 23. Rxe6 Rc1+ 24. Kg2 g5 25. Re8# 1-0

[Event "AUTO-OPEN-897"]
[Site "http://www.queenalice.com/game.php?id=301653"]
[Date "2007.11.10"]
[Round "1"]
[White "marecup"]
[Black "Herivelto"]
[Result "0-1"]
[WhiteElo "1364"]
[BlackElo "1799"]

1. d4 e6 2. Nc3 Nf6 3. Bg5 Bb4 4. a3 Bxc3+ 5. bxc3 O-O 6. e3 h6 7. Bxf6 Qxf6 8.
Nf3 b6 9. Bc4 Bb7 10. Qe2 d6 11. O-O a6 12. Bd3 c5 13. Rab1 b5 14. e4 c4 15. e5
dxe5 16. dxe5 cxd3 17. Qxd3 Qe7 18. c4 bxc4 19. Qxc4 Bxf3 20. gxf3 Qg5+ 21. Qg4
Qxe5 22. f4 Qc5 23. f5 exf5 24. Qf4 Nc6 25. Rfe1 Nd4 26. Red1 Ne2+ 27. Kf1 Nxf4
28. Rd7 Qxc2 29. Re1 Qc6 30. Ree7 Qg2+ 31. Ke1 Rac8 32. Kd2 Qxf2+ 0-1

[Event "AUTO-OPEN-897"]
[Site "http://www.queenalice.com/game.php?id=301670"]
[Date "2007.11.10"]
[Round "1"]
[White "erivaldoadao"]
[Black "marecup"]
[Result "1-0"]
[WhiteElo "1460"]
[BlackElo "1425"]

1. e4 e5 2. Nf3 Nf6 3. d3 Nc6 4. Nc3 Bb4 5. Bd2 d5 6. a3 dxe4 7. Nxe4 Nxe4 8.
dxe4 Bxd2+ 9. Qxd2 Qxd2+ 10. Nxd2 Nd4 11. Bd3 O-O 12. O-O Bg4 13. f3 Bh5 14. c3
Ne6 15. Nc4 Rad8 16. Rad1 Nf4 17. Bc2 b5 18. Rxd8 Rxd8 19. Nxe5 Rd2 20. Rf2 Ne2+
21. Kf1 Nc1 22. Rxd2 f6 23. Rd8+ Be8 24. Rxe8# 1-0

[Event "AUTO-OPEN-897"]
[Site "http://www.queenalice.com/game.php?id=301671"]
[Date "2007.11.10"]
[Round "1"]
[White "marecup"]
[Black "erivaldoadao"]
[Result "0-1"]
[WhiteElo "1373"]
[BlackElo "1596"]

1. d4 e6 2. Nc3 g6 3. Nf3 Bg7 4. Bg5 f6 5. Bh4 Nc6 6. e3 Nge7 7. Bb5 O-O 8. O-O
a6 9. Bxc6 Nxc6 10. d5 Ne7 11. dxe6 dxe6 12. Qxd8 Rxd8 13. Rfd1 Rxd1+ 14. Rxd1
Nf5 15. Ne5 fxe5 16. Rd8+ Bf8 17. Bf6 Nd6 18. f4 exf4 19. exf4 Nf7 20. Rd4 c5
21. Rc4 Nd6 22. Rxc5 Nf5 23. g4 Bxc5+ 24. Kg2 Ne3+ 25. Kf3 Nxc2 26. Ne4 b6 27.
a3 Nd4+ 28. Bxd4 Bxd4 29. Nd6 Bxb2 30. a4 Bd7 31. Nc4 Bg7 32. Nxb6 Bc6+ 33. Ke3
Rb8 34. a5 e5 0-1

[Event "dessa vez vai"]
[Site "http://www.queenalice.com/game.php?id=645316"]
[Date "2009.9.1"]
[Round "-"]
[White "erikmartinelli"]
[Black "marecup"]
[Result "0-1"]
[WhiteElo "1415"]
[BlackElo "1330"]

1. e4 e5 2. Nf3 Nc6 3. g3 Nf6 4. Bh3 Nxe4 5. Qe2 d5 6. Bxc8 Qxc8 7. d3 Nc5 8. d4
Ne6 9. dxe5 Be7 10. Nc3 Qd7 11. Nb5 O-O 12. Bg5 Nxg5 13. Nxg5 Bxg5 14. O-O Rfe8
15. Rfe1 Rxe5 16. Qd3 Rae8 17. Rxe5 Rxe5 18. b3 a6 19. Nd4 Qh3 20. Nxc6 bxc6 21.
Qxa6 g6 22. Qa8+ Kg7 23. Qxc6 Bf6 24. a4 Re2 25. Qxd5 Bxa1 26. Qd1 Qe6 27. Qxa1+
f6 28. a5 Qf5 29. Qd1 Qxf2+ 30. Kh1 Qxh2# 0-1

[Event "Challenge 76"]
[Site "http://www.queenalice.com/game.php?id=661966"]
[Date "2009.10.3"]
[Round "-"]
[White "MMANZAN"]
[Black "marecup"]
[Result "1-0"]
[WhiteElo "1556"]
[BlackElo "1337"]

1. d4 d5 2. c4 Nf6 3. cxd5 Nxd5 4. e4 Nb4 5. Qa4+ N4c6 6. d5 e5 7. dxc6 Nxc6 8.
Nf3 Bd7 9. Bc4 Nd4 10. Bxf7+ Ke7 11. Bg5+ Kxf7 12. Nxe5+ Ke6 13. Qc4+ Kd6 14.
Nf7# 1-0